|
|
|
|
| LEADER |
02248nam a2200469 a 4500 |
| 001 |
EBC407552 |
| 003 |
MiAaPQ |
| 005 |
20200520144314.0 |
| 006 |
m o d | |
| 007 |
cr cn||||||||| |
| 008 |
080212s2008 pauabf sb 001 0 eng |
| 010 |
|
|
|z 2008006408
|
| 020 |
|
|
|z 9781592138968 (pbk. : alk. paper)
|
| 020 |
|
|
|z 1592138969 (pbk. : alk. paper)
|
| 020 |
|
|
|z 9781592138975 (pbk. : alk. paper)
|
| 020 |
|
|
|z 1592138977 (pbk. : alk. paper)
|
| 035 |
|
|
|a (MiAaPQ)EBC407552
|
| 035 |
|
|
|a (Au-PeEL)EBL407552
|
| 035 |
|
|
|a (CaPaEBR)ebr10267611
|
| 035 |
|
|
|a (CaONFJC)MIL197331
|
| 035 |
|
|
|a (OCoLC)302407067
|
| 040 |
|
|
|a MiAaPQ
|c MiAaPQ
|d MiAaPQ
|
| 043 |
|
|
|a n-us-pa
|
| 050 |
|
4 |
|a HN80.P5
|b R47 2008
|
| 082 |
0 |
4 |
|a 307.1/4160974811
|2 22
|
| 245 |
0 |
0 |
|a Restructuring the Philadelphia region
|h [electronic resource] :
|b metropolitan divisions and inequality /
|c Carolyn Adams ... [et al.] ; with Joshua Freely and Michelle Schmitt.
|
| 260 |
|
|
|a Philadelphia :
|b Temple University Press,
|c 2008.
|
| 300 |
|
|
|a xii, 224 p., [6] p. of plates :
|b ill., maps.
|
| 490 |
1 |
|
|a Philadelphia voices, Philadelphia visions
|
| 504 |
|
|
|a Includes bibliographical references (p. [203]-218) and index.
|
| 505 |
0 |
|
|a Expansion, decline, and geographies of inequality -- Employment opportunity -- Housing opportunity -- Educational opportunity -- The region's communities and the value proposition -- Who takes responsibility for addressing inequality?
|
| 533 |
|
|
|a Electronic reproduction. Ann Arbor, MI : ProQuest, 2015. Available via World Wide Web. Access may be limited to ProQuest affiliated libraries.
|
| 650 |
|
0 |
|a Sociology, Urban
|z Pennsylvania
|z Philadelphia Metropolitan Area.
|
| 650 |
|
0 |
|a Equality
|z Pennsylvania
|z Philadelphia Metropolitan Area.
|
| 651 |
|
0 |
|a Philadelphia Metropolitan Area (Pa.)
|x Social conditions.
|
| 651 |
|
0 |
|a Philadelphia Metropolitan Area (Pa.)
|x Economic conditions.
|
| 651 |
|
0 |
|a Philadelphia Metropolitan Area (Pa.)
|x Politics and government.
|
| 655 |
|
4 |
|a Electronic books.
|
| 700 |
1 |
|
|a Adams, Carolyn Teich.
|
| 710 |
2 |
|
|a ProQuest (Firm)
|
| 830 |
|
0 |
|a Philadelphia voices, Philadelphia visions.
|
| 856 |
4 |
0 |
|u https://ebookcentral.proquest.com/lib/matrademy/detail.action?docID=407552
|z Click to View
|